00365nam a2200133Ia 4500008004100000020001500041050001500056100002300071245003600094245002300130260002300153300001600176650003900192160319s9999 xx 000 0 und d a9711900971 bB352b 1983 aBautista, Lualhati aBata, bata…pa'no ka ginawa? / cLualhati Bautista. bNational Bookstore a239 pages : aSocio-cultural values -- Filipinos